[Event "Saint Affrique op 23rd"]
[Site "Saint Affrique"]
[Date "2015.07.19"]
[Round "2"]
[White "N'Guyen, Emilien"]
[Black "Caron, Jean Marie1111"]
[Result "1-0"]
[WhiteElo "2263"]
[BlackElo "1814"]
[PlyCount "47"]
[EventDate "2015.07.18"]
[EventType "swiss"]
[EventRounds "9"]
[EventCountry "FRA"]
[SourceTitle "EXT 2016"]
[Source "ChessBase"]
[SourceDate "2015.10.08"]
[SourceVersion "1"]
[SourceVersionDate "2015.10.08"]
[SourceQuality "1"]

1. d4 Nf6 2. c4 e6 3. g3 Be7 4. Bg2 d6 5. Nc3 0-0 6. Nf3 Nbd7 7. 0-0 e5 8. Qc2 Re8 9. Rd1 Bf8 10. dxe5 Nxe5 11. Nxe5 Rxe5 12. Bf4 Re8 13. c5 Nh5 14. Be3 Rb8 15. cxd6 Bxd6 16. Bxa7 Ra8 17. Bc5 Qe7 18. Bxd6 cxd6 19. Nd5 Qxe2 20. Rd2 Qe1+ 21. Rxe1 Rxe1+ 22. Bf1 Bh3 23. Ne3 Re8 24. Rd1 1-0

[Event "FRA-ch Accession"]
[Site "Nimes"]
[Date "2014.08.26"]
[Round "9"]
[White "Sochacki, Christophe"]
[Black "N'Guyen, Emilien"]
[Result "1-0"]
[WhiteElo "2431"]
[BlackElo "2167"]
[PlyCount "127"]
[EventDate "2014.08.17"]
[EventType "swiss"]
[EventRounds "11"]
[EventCountry "FRA"]
[SourceTitle "CBM 162 Extra"]
[Source "ChessBase"]
[SourceDate "2014.10.17"]
[SourceVersion "1"]
[SourceVersionDate "2014.10.17"]
[SourceQuality "1"]

1. e4 c6 2. Nf3 d5 3. Nc3 Bg4 4. h3 Bxf3 5. Qxf3 e6 6. d4 Nd7 7. Bd3 dxe4 8. Nxe4 Ndf6 9. c3 Nxe4 10. Bxe4 Nf6 11. Bc2 Qd5 12. Qg3 Nh5 13. Qe3 Bd6 14. Be4 Qa5 15. 0-0 Bf4 16. b4 Qg5 17. Qe2 Bxc1 18. Raxc1 Nf6 19. f4 Qh4 20. b5 Nxe4 21. Qxe4 Rc8 22. bxc6 bxc6 23. Rb1 Qe7 24. f5 exf5 25. Qxe7+ Kxe7 26. Rxf5 Rc7 27. Re1+ Kd8 28. Rfe5 Kc8 29. Kf2 Rd8 30. Kf3 Rd6 31. g4 Rcd7 32. Ra5 Rf6+ 33. Kg3 Kd8 34. Rg5 g6 35. Rge5 Kc7 36. g5 Rfd6 37. Rf1 Re6 38. Rxf7 Rxf7 39. Rxe6 Kd7 40. Re5 Kd6 41. Ra5 Re7 42. Kf4 Rf7+ 43. Kg3 Re7 44. Kg4 Re4+ 45. Kf3 Rh4 46. Kg3 Re4 47. Rxa7 Re3+ 48. Kg2 Rxc3 49. Rxh7 Ke6 50. Rc7 Kf5 51. d5 Rc2+ 52. Kf3 Rc3+ 53. Ke2 Kxg5 54. d6 Kf6 55. Rh7 Rc2+ 56. Kd3 Rxa2 57. d7 Ra8 58. Kc4 Ke6 59. Kc5 Ra5+ 60. Kxc6 Rd5 61. Kc7 Kf5 62. d8Q Rxd8 63. Kxd8 Kf4 64. Rd7 1-0

[Event "Besancon op"]
[Site "Besancon"]
[Date "2014.??.??"]
[Round "5"]
[White "N'Guyen, Emilien"]
[Black "Daspres, Loic"]
[Result "1/2-1/2"]
[WhiteElo "2201"]
[BlackElo "2159"]
[PlyCount "159"]
[EventDate "2014.10.29"]
[EventType "swiss"]
[EventRounds "7"]
[EventCountry "FRA"]
[SourceTitle "EXT 2016"]
[Source "ChessBase"]
[SourceDate "2015.10.08"]
[SourceVersion "1"]
[SourceVersionDate "2015.10.08"]
[SourceQuality "1"]

1. d4 Nf6 2. c4 e6 3. g3 d5 4. Nf3 dxc4 5. Bg2 c5 6. Qa4+ Nbd7 7. 0-0 a6 8. Nc3 cxd4 9. Nxd4 Bc5 10. Qxc4 0-0 11. Rd1 Qc7 12. b4 b5 13. Ncxb5 axb5 14. Qc2 Ra4 15. bxc5 Rc4 16. Qb3 Nxc5 17. Qxb5 Ba6 18. Qc6 Qb8 19. Qf3 Bb7 20. Qa3 Bxg2 21. Kxg2 Nd5 22. Qf3 Qa8 23. Bf4 Nxf4+ 24. gxf4 Qa4 25. e3 h6 26. Rd2 Qa5 27. Rad1 Ra4 28. Qc6 Qa8 29. Rc2 Ne4 30. Kf3 Nf6 31. Qxa8 Rfxa8 32. Rdd2 Nd5 33. Nc6 g5 34. fxg5 hxg5 35. Ne5 f6 36. Nd3 Kf7 37. Nc5 Ra3 38. Rb2 R8a7 39. Rb7+ Rxb7 40. Nxb7 f5 41. Nd6+ Kf6 42. Nc4 g4+ 43. Kg2 Rc3 44. Nd6 Ra3 45. Nb5 Ra4 46. a3 Ra5 47. Rb2 Ra4 48. Rb3 Kg5 49. Nc3 Nxc3 50. Rxc3 e5 51. h3 gxh3+ 52. Kxh3 f4 53. Kg2 Kf5 54. exf4 Kxf4 55. Re3 Rc4 56. Re2 e4 57. Re3 Rc1 58. Rh3 Ra1 59. Rh4+ Kg5 60. Rxe4 Rxa3 61. Re8 Kf4 62. Rd8 Rb3 63. Rd4+ Kf5 64. Kf1 Rb2 65. Kg2 Rb3 66. f3 Ra3 67. Kg3 Ra5 68. Rd8 Kg5 69. f4+ Kf5 70. Rf8+ Kg6 71. Rg8+ Kf6 72. Rf8+ Kg6 73. Kg4 Ra1 74. Rb8 Rg1+ 75. Kf3 Kf5 76. Rb5+ Kf6 77. Kf2 Rg4 78. Rb4 Kf5 79. Kf3 Rg1 80. Rb5+ 1/2-1/2

[Event "Saint Affrique op 21st"]
[Site "Saint Affrique"]
[Date "2013.07.22"]
[Round "4"]
[White "Milchev, Nikolay"]
[Black "N'Guyen, Emilien"]
[Result "1-0"]
[WhiteElo "2433"]
[BlackElo "2169"]
[PlyCount "111"]
[EventDate "2013.07.20"]
[EventType "swiss"]
[EventRounds "9"]
[EventCountry "FRA"]
[SourceTitle "EXT 2014"]
[Source "ChessBase"]
[SourceDate "2013.11.20"]
[SourceVersion "1"]
[SourceVersionDate "2013.11.20"]
[SourceQuality "1"]

1. Nf3 d5 2. c4 dxc4 3. Na3 e5 4. Qa4+ c6 5. Qxc4 Bxa3 6. bxa3 f6 7. d4 Nd7 8. Bb2 exd4 9. Bxd4 Ne7 10. e3 Nb6 11. Qb3 Qd5 12. 0-0-0 Qxb3 13. axb3 Be6 14. Kb2 Nd7 15. e4 c5 16. Be3 Nc6 17. Bb5 Rc8 18. Nd2 Ke7 19. f4 a6 20. Bc4 b5 21. Bxe6 Kxe6 22. Nf3 c4 23. b4 Rhd8 24. Rd5 Ndb8 25. Rhd1 Rd7 26. Bc5 Rcc7 27. g4 Kf7 28. Bd6 Rb7 29. Kc3 Ne7 30. R5d2 Nbc6 31. f5 Nc8 32. Bc5 Rxd2 33. Rxd2 Ke8 34. h4 N8e7 35. g5 Rd7 36. Rxd7 Kxd7 37. h5 Ke8 38. a4 Kf7 39. axb5 axb5 40. Bd6 fxg5 41. Nxg5+ Kg8 42. Kd2 Nc8 43. Bc5 Ne5 44. Ke3 Nd3 45. Ne6 Nxc5 46. bxc5 Ne7 47. Kd4 Nc6+ 48. Kc3 Kf7 49. Nd4 Na7 50. e5 Ke7 51. c6 Kd8 52. Kb4 Kc7 53. h6 gxh6 54. f6 Kd8 55. c7+ Ke8 56. Nxb5 1-0

[Event "FRA-ch U18"]
[Site "Saint Paul Trois Chateaux"]
[Date "2013.05.04"]
[Round "7"]
[White "Loiseau, Quentin"]
[Black "N'Guyen, Emilien"]
[Result "1/2-1/2"]
[WhiteElo "2406"]
[BlackElo "2136"]
[PlyCount "98"]
[EventDate "2013.04.28"]
[EventType "swiss"]
[EventRounds "9"]
[EventCountry "FRA"]
[SourceTitle "CBM 154 Extra"]
[Source "ChessBase"]
[SourceDate "2013.06.25"]
[SourceVersion "2"]
[SourceVersionDate "2013.06.25"]
[SourceQuality "1"]

1. Nf3 d5 2. c4 dxc4 3. e3 Nf6 4. Bxc4 e6 5. d4 c5 6. Qe2 a6 7. dxc5 Bxc5 8. e4 b5 9. Bb3 Nc6 10. 0-0 Nd4 11. Nxd4 Qxd4 12. Be3 Qe5 13. Nc3 Bxe3 14. Qxe3 0-0 15. f4 Ng4 16. Qg3 Qd4+ 17. Kh1 Nf6 18. Rfd1 Qb4 19. Qe3 Bb7 20. Rd4 Qc5 21. e5 Rad8 22. Rad1 Rxd4 23. Qxd4 Qc6 24. Rd2 Ng4 25. h3 Nh6 26. Qd6 Nf5 27. Qxc6 Bxc6 28. Kg1 h5 29. Kf2 h4 30. Bc2 Ng3 31. Rd4 Rc8 32. a3 g6 33. Bd3 Kf8 34. Nd1 Ke7 35. Ne3 Rd8 36. Rxd8 Kxd8 37. Be2 Ne4+ 38. Ke1 Ng3 39. Kd2 Kc7 40. Bd1 Nf5 41. Bf3 Bxf3 42. Nxf5 gxf5 43. gxf3 Kc6 44. Kc3 Kc5 45. b4+ Kd5 46. Kd3 Kc6 47. Kc3 Kd5 48. Kd3 Kc6 49. Kc3 Kd5 1/2-1/2

[Event "Cappelle op 29th"]
[Site "Cappelle la Grande"]
[Date "2013.02.24"]
[Round "2"]
[White "Sedina, Elena"]
[Black "N'Guyen, Emilien"]
[Result "1-0"]
[WhiteElo "2349"]
[BlackElo "2121"]
[PlyCount "46"]
[EventDate "2013.02.23"]
[EventType "swiss"]
[EventRounds "9"]
[EventCountry "FRA"]
[SourceTitle "CBM 153 Extra"]
[Source "ChessBase"]
[SourceDate "2013.04.22"]
[SourceVersion "1"]
[SourceVersionDate "2013.04.22"]
[SourceQuality "1"]

1. e4 c6 2. c4 d5 3. exd5 cxd5 4. cxd5 Nf6 5. Nc3 Nxd5 6. Nf3 e6 7. d4 Nc6 8. Bc4 Bb4 9. Qd3 Nb6 10. Bb3 Be7 11. 0-0 Bf6 12. Rd1 Bd7 13. Ne4 Nb4 14. Nd6+ Kf8 15. Qc3 N6d5 16. Bxd5 Nxd5 17. Qa3 Qb8 18. Nxb7+ Ke8 19. Nd6+ Ke7 20. Ne4+ Qb4 21. Qxb4+ Nxb4 22. Ne5 Nc2 23. Rb1 Rhb8 1-0

[Event "FRA-chT U20"]
[Site "France"]
[Date "2012.05.28"]
[Round "?"]
[White "Kambrath, Yannick"]
[Black "N'Guyen, Emilien"]
[Result "1-0"]
[WhiteElo "2235"]
[BlackElo "1919"]
[PlyCount "46"]
[EventDate "2012.05.26"]
[EventType "team-swiss"]
[EventRounds "9"]
[EventCountry "FRA"]
[SourceTitle "EXT 2014"]
[Source "ChessBase"]
[SourceDate "2013.11.20"]
[SourceVersion "1"]
[SourceVersionDate "2013.11.20"]
[SourceQuality "1"]

1. d4 d5 2. c4 Nc6 3. Nf3 Bg4 4. Nc3 e6 5. Bf4 dxc4 6. e3 Bd6 7. Bg3 Nf6 8. Bxc4 0-0 9. Be2 Re8 10. 0-0 Bxg3 11. hxg3 Ne7 12. Qd2 c6 13. e4 Qa5 14. Rac1 Rad8 15. Qe3 Bxf3 16. gxf3 Rd7 17. Rfd1 Red8 18. a3 h6 19. Kg2 b5 20. Na2 Qa6 21. Rc5 Rd6 22. b4 Nd7 23. Nc1 Qb7 1-0

[Event "FRA-ch op-B"]
[Site "Caen"]
[Date "2011.08.22"]
[Round "6"]
[White "N'Guyen, Emilien"]
[Black "Collette, Gilles"]
[Result "1/2-1/2"]
[WhiteElo "1817"]
[BlackElo "1895"]
[PlyCount "97"]
[EventDate "2011.08.16"]
[EventType "swiss"]
[EventRounds "11"]
[EventCountry "FRA"]
[SourceTitle "EXT 2012"]
[Source "ChessBase"]
[SourceDate "2011.11.24"]
[SourceVersion "1"]
[SourceVersionDate "2011.11.24"]
[SourceQuality "1"]

1. d4 Nf6 2. Nf3 e6 3. g3 Nc6 4. Bg2 d6 5. 0-0 g6 6. Nc3 Bg7 7. e4 0-0 8. Bg5 h6 9. Bd2 e5 10. d5 Ne7 11. Qc1 Kh7 12. Ne1 Nfg8 13. Ne2 f5 14. c4 fxe4 15. Nc3 Nf5 16. Nxe4 Nd4 17. Qd1 Nf6 18. Nxf6+ Qxf6 19. h3 Bd7 20. Bc3 Rae8 21. Kh2 Nf5 22. Nf3 Qf7 23. g4 Nd4 24. Nxd4 exd4 25. Bd2 b5 26. b3 d3 27. Rc1 Re2 28. Be3 Rxa2 29. Qxd3 b4 30. Rc2 Rxc2 31. Qxc2 a5 32. Be4 Ra8 33. f4 Qf6 34. f5 g5 35. Rd1 Qe5+ 36. Kg1 Re8 37. Rd4 Bf6 38. Kg2 Qe7 39. Kf3 Bxd4 40. Bxd4 Kg8 41. f6 Rf8 42. Kg3 Rxf6 43. Bxf6 Qxf6 44. Bf3 Kg7 45. Be4 Be8 46. Qa2 Qd4 47. Bf5 a4 48. bxa4 Qc5 49. a5 1/2-1/2

[Event "Metz op-B 29th"]
[Site "Metz"]
[Date "2011.05.07"]
[Round "8"]
[White "Micottis, Dorian"]
[Black "N'Guyen, Emilien"]
[Result "1/2-1/2"]
[WhiteElo "1783"]
[BlackElo "1781"]
[PlyCount "104"]
[EventDate "2011.05.02"]
[EventType "swiss"]
[EventRounds "9"]
[EventCountry "FRA"]
[SourceTitle "EXT 2013"]
[Source "ChessBase"]
[SourceDate "2012.11.22"]
[SourceVersion "1"]
[SourceVersionDate "2012.11.22"]
[SourceQuality "1"]

1. d4 d5 2. Bf4 Nc6 3. e3 f6 4. Nf3 Bg4 5. Be2 Bxf3 6. Bxf3 e5 7. dxe5 fxe5 8. Bg3 Nf6 9. Bh4 e4 10. Be2 Bb4+ 11. c3 Be7 12. Nd2 Ne5 13. Bg3 Bd6 14. Nb3 0-0 15. 0-0 Nf7 16. Bxd6 Qxd6 17. c4 c6 18. cxd5 cxd5 19. Rc1 Rac8 20. Nd4 Ne5 21. h3 a6 22. a4 Nfd7 23. Rxc8 Rxc8 24. Nf5 Qe6 25. Qxd5 Qxd5 26. Ne7+ Kf7 27. Nxd5 Rc2 28. Bh5+ g6 29. Bd1 Rxb2 30. f3 exf3 31. gxf3 Nd3 32. f4 Nf6 33. Nc3 b5 34. axb5 axb5 35. Be2 Nd5 36. Nxd5 Rxe2 37. Rb1 Ke6 38. Rxb5 Rd2 39. e4 Nf2 40. Rb6+ Kf7 41. Rb7+ Kf8 42. Rxh7 Nxe4 43. Ne3 Nf6 44. Ra7 Rd4 45. f5 gxf5 46. Nxf5 Rd7 47. Ra6 Kf7 48. Kg2 Rd3 49. Nh6+ Kg7 50. Ng4 Nxg4 51. hxg4 Rc3 52. Kf2 Kf7 1/2-1/2